| 000 | 01103nam a2200289 i 4500 | ||
|---|---|---|---|
| 001 | 185215 | ||
| 003 | SpMaBN | ||
| 005 | 20251216145337.0 | ||
| 008 | 160418s2003 sp |||| |bspa d | ||
| 080 | _a929 Lennon, John | ||
| 100 | 1 |
_aSierra i Fabra, Jordi. _9106274 |
|
| 245 | 1 | 0 |
_aJohn Lennon / _cJordi Sierra i Fabra ; prólogo de Eduardo Bautista. |
| 250 | _aEd. especial para este periódico. | ||
| 260 |
_a[Barcelona] : _bABC : _bFolio, _c[2003] |
||
| 300 |
_a223 p. ; _c21 cm. |
||
| 490 | 1 |
_aBiblioteca ABC. Protagonistas del s. XX ; _v11. Las biografías que construyeron el siglo |
|
| 500 | _aCronología. | ||
| 505 | 8 |
_aContiene: ; _tDiario de John Lennon |
|
| 600 | 1 | 7 |
_aLennon, John, _d1940-1980 _2 _9159372 |
| 700 | 1 |
_aBautista, Teddy, _d1943- _9159373 |
|
| 710 | 2 |
_aDiario ABC. _91137 |
|
| 740 | 0 | 2 | _aDiario de John Lennon. |
| 830 | 0 | 0 |
_aBiblioteca ABC. Protagonistas del s. XX _v11. Las biografías que construyeron el siglo _9192266 |
| 852 |
_aES-MaACL _jA-13699 _z- enc. cart. _9192235 _bR.150376 _cDEPO1 _dOlim: N-6699 |
||
| 942 | _2udc | ||
| 999 |
_c185215 _d185215 |
||